000 00294 a2200109 4500
001 ART_7238
005 20260410161623.0
008 260409a
245 1 0 _aMemoria de los administradores
100 1 _aPiñeiro, Horacio
773 0 _tEnfoques
_g- Nº 10 (oct. 2011)
_wREV416
999 _c11733
_d11733